000 01421nam0a22002771 4500
001 rc\4220823
005 20250612021059.0
021 _aRU
_b[65-103505]
035 _a(NLR Aleph) 008458620
090 _a7854858
_c7854858
100 _a20130416d1965 |||y0rusy50 ca
101 0 _arus
102 _aRU
105 _ab j |||h|
200 1 _aУчебное пособие на французском языке для развития навыков устной речи
_e(По специальности "Проектирование и эксплуатация газонефтепроводов, газохранилищ и нефтебаз")
_fМ-во высш. и сред. спец. образования РСФСР. Моск. ордена Трудового Красного Знамени ин-т нефтехим. и газовой пром-сти им. И.М. Губкина. Кафедра иностр. яз.
210 _aМосква
_cБ. и.
_d1965
215 _a52 с.
_cкарт.
_d20
300 _aПеред загл. авт.: доц. Т.Л. Агаян
606 _aФранцузский язык
_xРазговорная речь
_2psbo
700 1 _4070
_7ca
_8rus
_aАгаян
_bТ. Л.
_f1915-2001
_gТамара Львовна
_9270679
_3RU\NLR\AUTH\770270735
801 0 _aRU
_bNLR
_gpsbo
801 1 _aRU
_bELAR
_2rusmarc
852 _aNLR
_j66-4/454
942 _cBOOK
980 _aNB